LIBRARY ONLINE CATALOGUE

Principles of financial accounting / (Record no. 1073)

MARC details
000 -LEADER
fixed length control field 00728cam a22002292 4500
001 - CONTROL NUMBER
control field 0000019378
005 - DATE AND TIME OF LATEST TRANSACTION
control field 20151021151133.0
008 - FIXED-LENGTH DATA ELEMENTS--GENERAL INFORMATION
fixed length control field 101112s xx 000 0 eng d
020 ## - INTERNATIONAL STANDARD BOOK NUMBER
International Standard Book Number 0324664451 :
040 ## - CATALOGING SOURCE
Original cataloging agency KABU
Transcribing agency KABU
100 1# - MAIN ENTRY--PERSONAL NAME
Personal name Reeve, James M.
-- 0000171042
245 10 - TITLE STATEMENT
Title Principles of financial accounting /
Statement of responsibility, etc. James M. Reeve, Carl S. Warren, Jonathan E. Duchac.
250 ## - EDITION STATEMENT
Edition statement 11th ed.
260 ## - PUBLICATION, DISTRIBUTION, ETC. (IMPRINT)
Place of publication, distribution, etc. Mason, OH :
Name of publisher, distributor, etc. South-Western,
Date of publication, distribution, etc. 2009.
300 ## - PHYSICAL DESCRIPTION
Extent xxxi, 816 p.
650 #0 - SUBJECT ADDED ENTRY--TOPICAL TERM
Topical term or geographic name as entry element Accounting.
-- 0000148321
700 1# - ADDED ENTRY--PERSONAL NAME
Personal name Warren, Carl S.
-- 0000160705
700 1# - ADDED ENTRY--PERSONAL NAME
Personal name Duchac, Jonathan E.
-- 0000171043
852 1# - LOCATION
-- p4680 KES
908 ## - PUT COMMAND PARAMETER (RLIN)
Put command parameter 101112
950 ## - LOCAL HOLDINGS (RLIN)
-- 1
Holdings
Withdrawn status Lost status Source of classification or shelving scheme Damaged status Not for loan Home library Current library Date acquired Total Checkouts Full call number Barcode Date last seen Date last checked out Price effective from Koha item type
    Library of Congress Classification     Kabarak, Main Campus Kabarak, Main Campus 17/12/2015 4 HF5635 .R442 2009 c. 2 23522 04/02/2020 30/01/2020 17/12/2015 General Collection
    Library of Congress Classification     Kabarak, Main Campus Kabarak, Main Campus 17/12/2015 2 HF5635 .R442 2009 c. 1 23525 05/11/2019 09/07/2018 17/12/2015 General Collection
  Lost Library of Congress Classification     Kabarak, Nakuru City Campus Kabarak, Nakuru City Campus 21/10/2015 1 HF5635 .R442 2009 c. 1 23297 26/01/2016 26/01/2016 21/10/2015 General Collection